<?xml version="1.0" encoding="UTF-8"?>
<marc:record xmlns:marc="http://www.loc.gov/MARC21/slim">
   <marc:leader>00000nam a2200000 a 4500</marc:leader>
   <marc:datafield ind1="1" ind2=" " tag="100">
      <marc:subfield code="a">Wachtler, Michael</marc:subfield>
      <marc:subfield code="4">ctb</marc:subfield>
      <marc:subfield code="e">Mitwirkende/-r</marc:subfield>
   </marc:datafield>
   <marc:datafield ind1="1" ind2=" " tag="100">
      <marc:subfield code="a">Obwegs, Günther</marc:subfield>
      <marc:subfield code="4">ctb</marc:subfield>
      <marc:subfield code="e">Mitwirkende/-r</marc:subfield>
   </marc:datafield>
   <marc:datafield ind1=" " ind2=" " tag="653">
      <marc:subfield code="a">Geschichte</marc:subfield>
   </marc:datafield>
   <marc:datafield ind1=" " ind2=" " tag="653">
      <marc:subfield code="a">Weltkrieg</marc:subfield>
   </marc:datafield>
   <marc:datafield ind1=" " ind2=" " tag="653">
      <marc:subfield code="a">Gebirgskrieg</marc:subfield>
   </marc:datafield>
   <marc:datafield ind1=" " ind2=" " tag="653">
      <marc:subfield code="a">Softcover / Geschichte/Neuzeit bis 1918</marc:subfield>
   </marc:datafield>
   <marc:datafield ind1="0" ind2="0" tag="245">
      <marc:subfield code="a">Dolomiten - Krieg in den Bergen</marc:subfield>
   </marc:datafield>
   <marc:datafield ind1="0" ind2="0" tag="245">
      <marc:subfield code="c">Michael Wachtler ; Günther Obwegs</marc:subfield>
   </marc:datafield>
   <marc:datafield ind1=" " ind2="1" tag="264">
      <marc:subfield code="a">Bozen</marc:subfield>
      <marc:subfield code="b">Verl.-Anst. Athesia</marc:subfield>
      <marc:subfield code="c">2013</marc:subfield>
   </marc:datafield>
   <marc:datafield ind1=" " ind2=" " tag="250">
      <marc:subfield code="a">7. Aufl.</marc:subfield>
   </marc:datafield>
   <marc:datafield ind1="1" ind2=" " tag="520">
      <marc:subfield code="a">Angaben aus der Verlagsmeldung

Dolomiten - Krieg in den Bergen / von Michael Wachtler, Günther Obwegs

Der Dolomitenkrieg 1914-1918 wie ihn noch niemand sah: das Grauen und das Sterben, aber auch die kleinen Augenblicke der Glückseligkeit, das menschliche Antlitz des Krieges.
Ein Buch mit über 400 sensationellen, zum Großteil nie vorher veröffentlichten Bildern.
Dokumente aus neuen Archiven.
Zum ersten Mal: der Krieg in Farbe.
DOLOMITEN
Wachtler · Obwegs
Krieg in den Bergen
GÜNTHER OBWEGS
Geboren 1966, begeisterter Bergsteiger, Fotograf und Heimatkundler. Interessiert sich schon seit frühester Jugend besonders für die Geschehnisse an der Dolomitenfront. Er ist Autor und Mitautor von zahlreichen Büchern.
MICHAEL WACHTLER
Der 1959 geborene Südtiroler gilt als einer der besten Kenner der Dolomiten. Eine große Zahl von Fernsehdokumentationen und Buchveröffentlichungen fanden ein begeistertes Publikum. Menschenschicksale und deren tiefe Analyse gehören zu seinen Hauptschwerpunkten.
</marc:subfield>
   </marc:datafield>
   <marc:datafield ind1=" " ind2=" " tag="020">
      <marc:subfield code="a">9788882668365</marc:subfield>
      <marc:subfield code="9">9788882668365</marc:subfield>
   </marc:datafield>
   <marc:datafield ind1=" " ind2=" " tag="041">
      <marc:subfield code="a">ger</marc:subfield>
   </marc:datafield>
   <marc:datafield ind1=" " ind2=" " tag="300">
      <marc:subfield code="a">208 S.</marc:subfield>
   </marc:datafield>
</marc:record>
